|
|
|
|
| LEADER |
01016nam a2200289 a 4500 |
| 001 |
15668402 |
| 008 |
101025s2008 enka 001 0 eng d |
| 010 |
|
|
|a 2009419017
|
| 020 |
|
|
|a 019569340x
|
| 020 |
|
|
|a 9780195693409
|
| 020 |
|
|
|a 9780195425239
|
| 040 |
|
|
|a DLC
|c DLC
|d DLC
|d BD-DhAAL
|
| 082 |
0 |
0 |
|a 621.3815
|2 22
|
| 100 |
1 |
|
|a Bell, David A.,
|d 1930-
|
| 245 |
1 |
0 |
|a Electronic devices and circuits /
|c David A. Bell.
|
| 250 |
|
|
|a 5th ed.
|
| 260 |
|
|
|a Oxford ;
|a New York :
|b Oxford University Press,
|c 2008.
|
| 300 |
|
|
|a xx, 1072 p. :
|b ill. ;
|c 29 cm.
|
| 500 |
|
|
|a Includes index.
|
| 541 |
1 |
|
|e 00021431
|
| 650 |
|
0 |
|a Semiconductors.
|
| 650 |
|
0 |
|a Electronic circuits.
|
| 650 |
|
0 |
|a Electronic apparatus and appliances.
|
| 852 |
4 |
|
|a Ayesha Abed Library
|j General Shelf.
|
| 942 |
0 |
0 |
|0 1
|
| 999 |
|
|
|c 9882
|d 9882
|
| 952 |
|
|
|0 0
|1 0
|2 ddc
|4 0
|6 621_381500000000000_BEL_2008
|7 0
|9 12731
|a BRACUL
|b BRACUL
|c GEN
|d 2010-10-25
|e Karim International
|g 660.00
|l 35
|m 323
|o 621.3815 BEL
|p 3010021431
|r 2025-10-09
|s 2025-07-08
|t 1
|w 2010-10-25
|y BK
|